metal bands - Statistics

General Stats
  • This quiz has been taken 343 times
  • The average score is 7 of 15
Answer Stats
Hint Answer % Correct
Ace of Spades Motorhead
88%
War Pigs Black Sabbath
86%
Symphony of Destruction Megadeth
86%
Reign in Blood Slayer
86%
Welcome Home (Sanitarium) Metallica
85%
(Sic) Slipknot
72%
Waking the Demon Bullet For My Valentine
35%
Bleed Meshuggah
30%
By Demons Be Driven Pantera
30%
The Dance of Eternity Dream Theater
20%
From Mars Gojira
18%
Caustic are the Ties that Bind Trivium
11%
Immaculate Misconception Motionless in White
10%
Who Needs Flowers When You're Dead? Bring Me the Horizon
6%
The Lines in My Hand Opeth
6%
No matching quizzes found
Score Distribution
Percent of People with Each Score
Percentile by Number Answered
Your Score History
You have not taken this quiz